| 000 -ლიდერი |
| ფიქსირებული სიგრძის საკონტროლო ველი |
01561nam a2200277Ia 4500 |
| 001 - საკონტროლო ნომერი |
| საკონტროლო ველი |
20241 |
| 003 - საკონტროლო ნომრის იდენტიფიკატორი |
| საკონტროლო ველი |
GE_BSU |
| 005 - ბოლო ოპერაციის თარიღი და დრო |
| საკონტროლო ველი |
20200727122923.0 |
| 008 - ფიქსირებული სიგრძის მონაცემთა ელემენტები - ზოგადი ინფორმაცია |
| ფიქსირებული სიგრძის საკონტროლო ველი |
181216s2002||||ge |||||||||||||| ||geo|| |
| 020 ## - წიგნის საერთაშორისო სტანდარტული ნომერი |
| International Standard Book Number |
99928-960-6-X |
| 040 ## - კატალოგიზაციის წყარო |
| Transcribing agency |
GE_BSU |
| 041 ## - ენის კოდი |
| Language code of text/sound track or separate title |
geo |
| 080 ## - უნივერსალური ათობითი კლასიფიკაციის ინდექსი |
| Universal Decimal Classification number |
811.353'362(042.4) მ-43 |
| 100 ## - მთავარი ჩანაწერი - პიროვნების სახელი |
| Personal name |
მაჭავარიანი, გივი |
| 9 (RLIN) |
9043 |
| 245 ## - ცნობა სათაურის შესახებ |
| Title |
ქართველურ ენათა შედარებითი გრამატიკა : |
| Remainder of title |
ლექციების კურსი / |
| Statement of responsibility, etc |
გივი მაჭავარიანი ; სარედ. საბჭო : ც. ბარბაქაძე, ვ. ბოდერი, თ. გამყრელიძე და სხვ. ; ტომის რედ. თ. გამყრელიძე. |
| 264 ## - წარმოების, გამოცემის, დისტრიბუციის და სხვა ცნობები |
| გამოცემის, წარმოების, დისტრიბუციის... ადგილი |
თბილისი : |
| გამოცემის, წარმოების, დისტრიბუციის... სახელწოდება |
სახ. უნ-ტის გამ-ბა, |
| გამოცემის, წარმოების, დისტრიბუციის... თარიღი |
2002. |
| 300 ## - ფიზიკური აღწერა |
| Extent |
152 გვ. ; |
| Dimensions |
28 სმ. |
| 490 ## - სერიის ცნობა |
| Series statement |
ქართველოლოგიური ბიბლიოთეკა |
| Volume number/sequential designation |
9 |
| 500 ## - ზოგადი შენიშვნა |
| General note |
პარალელური სათაური რუსულ და ინგლისურ ენებზე |
| 520 ## - SUMMARY, ETC. |
| Summary, etc |
პარალ. სათ. რუს. და ინგლ. ენებზე |
| 653 ## - INDEX TERM--UNCONTROLLED |
| Uncontrolled term |
ქართველურ ენათა შედარებითი გრამატიკა |
| 653 ## - INDEX TERM--UNCONTROLLED |
| Uncontrolled term |
ქართული ენა |
| 700 ## - ADDED ENTRY--PERSONAL NAME |
| Personal name |
გამყრელიძე, თ. |
| Relator term |
რედაქტორი |
| 9 (RLIN) |
3546 |
| 942 ## - ADDED ENTRY ELEMENTS (KOHA) |
| Koha item type |
წიგნი |
| Source of classification or shelving scheme |
|